World's biggest GDP countries - Statistics

Statistiche generali
  • Questo quiz è stato fatto 41 volte
  • Il punteggio medio è 13 su 15
Statistiche sulle risposte
Hint Risposta % Corretto
3.9T India
95%
2.1T Russia
92%
29.3T USA
92%
2.2T Canada
90%
4.1T Japan
87%
4.7T Germany
85%
1.8T Australia
82%
18.4T China
82%
3.2T France
82%
2.4T Italy
82%
1.7T Spain
82%
2.2T Brazil
79%
3.6T UK
79%
1.8T Mexico
77%
1.9T South korea
64%
Nessun quiz corrispondente trovato
Distribuzione punteggi
Percentuale di utenti per punteggio
Percentile per numero di risposta
I tuoi punteggi nel tempo
Non hai fatto questo quiz